| 000 | 00416nam a2200157 4500 | ||
|---|---|---|---|
| 001 | 144109 | ||
| 003 | ES-MaACL | ||
| 005 | 20230906200939.0 | ||
| 007 | t| | ||
| 008 | 070214s1934 fr r ||||1| fre d | ||
| 100 | 1 |
_aSiciliano, Italo. _9106197 |
|
| 245 | 1 | 0 | _aFrançois Villon et les themes poetiques du Moyen Age. |
| 260 |
_aParis : _b[s.n.], _c1934. |
||
| 300 |
_a582 p. ; _c25 cm. |
||
| 852 |
_aES-MaACL _jA-2330 |
||
| 999 |
_c144109 _d144109 |
||